Trouvez le rappeur 11 - Statistiques

Statistiques générales
  • Ce quiz a été pris 65 fois
  • Le résultat moyen est 7 sur 15
Statistiques - réponses
Hint Réponse % Correct
Feu de bois Damso
97%
Habitué Dosseh
83%
VVS Ninho
72%
Mauvaise graine Nekfeu
71%
Iverson Laylow
60%
San Orelsan
55%
Bikini bottom PLK
55%
Madame Zola
45%
Coeurjacking Dinos
43%
Agoué Luidji
26%
APDL Alpha wann
24%
BB part 3 Green Montana
22%
2sang43 Sdm
22%
Règlement Space #3 Népal
19%
100 regrets S pri noir
7%
Aucun quiz correspondant
Distribution des résultats
% des personnes avec chaque résultat
Percentile par nombre de réponses
Votre historique - résultats
Vous n’avez pas pris ce quiz